000 01134nam a2200229Ia 4500
001 L235-10546
003 IT-CnALBA
008 170116s9999||||xx |||||||||||||| ||und||
040 _aIT-CnALBA
_cIT-CnALBA
041 _aITALIANO
100 _aLA PIRA GIORGIO, ON. PROF.
245 0 _aVITA INTERIORE DI DON LUIGI MORESCO.
250 _a1a ed.
260 _aROMA
_bAVE, ANONIMA VERITA'S EDITRICE
_c1945 [1° Ed.:1945 - Ed.Ling.Originale: 1945]
300 _a178 p.
500 _aDON LUIGI MORESCO. VITA INTERIORE. MESSA DEL POVERO. AVE MARIA. FATIMA. APOSTOLATO. CULTURA. GIORNALISTA. PREGHIERA. DEVOZIONE MARIANA. CONSACRAZIONE SACERDOTALE. AMICIZIA. VOCAZIONE ALLA COMPAGNIA DI S. PAOLO.
501 _aSocietà San Paolo EM - Piazza San Paolo, 14 - 12051 ALBA (CN) (non commercial uses only) ® Copyright 2017
520 _aDON LUIGI MORESCO. VITA INTERIORE. MESSA DEL POVERO. AVE MARIA. FATIMA. APOSTOLATO. CULTURA. GIORNALISTA. PREGHIERA. DEVOZIONE MARIANA. CONSACRAZIONE SACERDOTALE. AMICIZIA. VOCAZIONE ALLA COMPAGNIA DI S. PAOLO.
650 _aMARIA SS. ANGELI SANTI DEMONI
942 _cBK
957 _71
999 _a15299
_bSI
_g Copie: 1
_c269724
_d269724